LEADER 01004nam a2200229 i 4500 001 000000222862 003 CaOOAMICUS 005 20210422163815.0 008 130927n it u000 u ita u 013 $a201759 040 $aSeMil$bita 245 00$a"Sacra Virginitas" :$benciclica di S. S. Pio 12. sulla verginità consacrata a Dio, 25 marzo 1954. 264 1$aPadova :$bGregoriana,$c[194-?] 300 $a32 p. ;$c17 cm. 490 1 $aLa Parola del Papa ;$v31 650 4$aPio XII - Encicliche . Sacra virginitas.$0(OLS)http://semarc/subject/9901 830 3$aLa parola del Papa ;$v31.$0(OLS)http://semarc/title/7551 850 $aSeMil 852 $aSeMil$W1$xVenegono$y1$m5B III 26/4$j173208$B173208$CSeMilBibl$Z2$F183502 $81 996 $6245$a"Sacra Virginitas" :$benciclica di S. S. Pio 12. sulla verginità consacrata a Dio, 25 marzo 1954$9(OLS)http://semarc/title/319586 996 $6264$aPadova :$bGregoriana$9(OLS)http://semarc/publisher/31482 LEADER 01529nam a2200241 i 4500 001 000000225683 003 CaOOAMICUS 005 20250404145334.0 008 131216s1688 it u000 u lat u 013 $a204585 026 $as.u- s.o- r-a- veji (7) 1688 (R) 040 $aSeMil$bita 245 10$aVenerabilis Bedae ... Operum tomus tertius: sive eiusdem Historia ecclesiastica Anglorum, vitae aliquot Sanctorum, et martyrologium .. 300 $a[4] p., 500 col., [2] p. 500 $aSegn.: pg2 A-X6 773 0 $aBeda : Venerabilis $tVenerabilis Bedae ... Opera theologica, moralia, historica, philosophica, mathematica & rhetorica ... in Vetus et Novum Testamentum ... Moralibus doctrinis & expositionibus in quatuor Evangelistarum Evangelia illustrata ..$dColoniae Agrippinae : Apud Ioannem Wilhelmum Friessem juniorem, 1688.$bHac postrema editione diligenter recognita, sedulo correcta, & divisa in tomos 8. Cum indice rerum verborumque copiosissimo.$g3$w()29258 850 $aSeMil 852 $aSeMil$W1$xVenegono$y1$m2U VI 3 FA$j176029$B176029$CSeMilBibl$Z2$F186500 $8I 852 $aSeMil$W1$xVenegono$y1$m2T VI 3 FA$j176464$B176464$CSeMilBibl$Z2$F186988 $8I 961 $aOmaggio: Biblioteca Seminario Seveso (dal 1998) 961 $aOmaggio: Biblioteca Seminario Seveso (dal 1998) 996 $6245$aVenerabilis Bedae ... Operum tomus tertius: sive eiusdem Historia ecclesiastica Anglorum, vitae aliquot Sanctorum, et martyrologium ..$9(OLS)http://semarc/title/323272